[Event "Moscow-ch Final (Women)"]
[Site "Moscow"]
[Date "2021.03.27"]
[Round "3"]
[White "Shvedova, Alexandra"]
[Black "Kanevskaya, Anna"]
[Result "1/2-1/2"]
[WhiteElo "1997"]
[BlackElo "2130"]
[PlyCount "118"]
[EventDate "2021.03.25"]
[EventType "swiss"]
[EventRounds "9"]
[EventCountry "RUS"]
[SourceTitle "CBM 202 Extra"]
[Source "ChessBase"]
[SourceDate "2021.07.31"]
[SourceVersion "1"]
[SourceVersionDate "2021.07.31"]
[SourceQuality "1"]

1. e4 e5 2. Nf3 Nc6 3. Bc4 Bc5 4. c3 Nf6 5. d4 exd4 6. e5 d5 7. Bb5 Ne4 8. cxd4 Bb4+ 9. Bd2 Nxd2 10. Nbxd2 0-0 11. 0-0 Ne7 12. Bd3 Nf5 13. Qc2 g6 14. Nb3 Be7 15. Rfe1 a5 16. a3 Ng7 17. Rac1 c6 18. Re3 Ne6 19. g3 a4 20. Nc5 Nxc5 21. dxc5 Ra5 22. Ree1 Bxc5 23. Qd2 Be7 24. Qh6 Bg4 25. Qf4 Be6 26. h4 Kg7 27. Nd4 c5 28. Nxe6+ fxe6 29. Qg4 c4 30. Bb1 Bc5 31. Re2 Ra6 32. h5 g5 33. Kg2 Kh8 34. h6 Rc6 35. f4 Rg8 36. Rf1 Be7 37. fxg5 Rxg5 38. Qf4 Qg8 39. Re3 Rc7 40. Ref3 Qd8 41. Qf7 Bc5 42. Qxe6 Rc6 43. Qf7 Rxh6 44. Rh1 Rxh1 45. Kxh1 Rg7 46. Qe6 Qd7 47. Bf5 Qxe6 48. Bxe6 Re7 49. Bxd5 Rxe5 50. Bxc4 Re1+ 51. Rf1 Rxf1+ 52. Bxf1 Bd4 53. Bb5 Bxb2 54. Bxa4 Bxa3 55. Kg2 Kg7 56. Kh3 Kg6 57. Kg4 Kf6 58. Bb5 h6 59. Ba4 Ke5 1/2-1/2

[Event "Moscow-ch Final (Women)"]
[Site "Moscow"]
[Date "2021.03.26"]
[Round "2"]
[White "Kanevskaya, Anna"]
[Black "Zvereva, Margarita"]
[Result "0-1"]
[WhiteElo "2130"]
[BlackElo "1951"]
[PlyCount "76"]
[EventDate "2021.03.25"]
[EventType "swiss"]
[EventRounds "9"]
[EventCountry "RUS"]
[SourceTitle "CBM 202 Extra"]
[Source "ChessBase"]
[SourceDate "2021.07.31"]
[SourceVersion "1"]
[SourceVersionDate "2021.07.31"]
[SourceQuality "1"]

1. d4 d5 2. c4 e6 3. Nf3 Nf6 4. Nc3 Nbd7 5. Bg5 Be7 6. e3 0-0 7. Rc1 h6 8. Bh4 dxc4 9. Bxc4 a6 10. a4 c5 11. 0-0 b6 12. Qe2 Bb7 13. Bd3 Nh5 14. Bxe7 Qxe7 15. Bb1 Nhf6 16. Ne5 cxd4 17. exd4 Rac8 18. Rfd1 Rfd8 19. Rc2 Nb8 20. Rcd2 a5 21. Bd3 Nc6 22. Bb5 Nb4 23. Nc4 Nbd5 24. Nxd5 Nxd5 25. Qg4 Rc7 26. Qg3 Bc6 27. Bxc6 Rxc6 28. Ne5 Rc7 29. Ng4 Kh8 30. Ne3 Rc6 31. Ng4 Rdc8 32. Ne5 Rc1 33. Qf3 Kg8 34. h3 Rxd1+ 35. Rxd1 Rc2 36. Qb3 Qc7 37. Qb5 Qc8 38. Qd3 Rxb2 0-1

[Event "Moscow-ch rapid (Women)"]
[Site "Moscow"]
[Date "2018.12.09"]
[Round "7"]
[White "Paramzina, Anastasya"]
[Black "Kanevskaya, Anna"]
[Result "1-0"]
[WhiteElo "2229"]
[BlackElo "2105"]
[PlyCount "61"]
[EventDate "2018.12.08"]
[EventType "swiss (rapid)"]
[EventRounds "11"]
[EventCountry "RUS"]
[SourceTitle "CBM 187 Extra"]
[Source "ChessBase"]
[SourceDate "2018.11.04"]
[SourceVersion "1"]
[SourceVersionDate "2018.11.04"]
[SourceQuality "1"]

1. e4 e5 2. Nf3 Nc6 3. Bc4 Bc5 4. d3 Nf6 5. 0-0 d6 6. c3 a6 7. Bb3 Ba7 8. Nbd2 Ne7 9. Re1 h6 10. Nf1 Ng6 11. h3 0-0 12. Ng3 Be6 13. d4 Qd7 14. Kh2 Bxb3 15. Qxb3 Qb5 16. Qc2 Rae8 17. Be3 Bb6 18. a4 Qd7 19. a5 exd4 20. Nxd4 Ba7 21. f4 c6 22. Rad1 Bb8 23. Ndf5 Nxe4 24. Nxh6+ gxh6 25. Nxe4 Qf5 26. Bd4 Qxf4+ 27. g3 Qf3 28. Nf6+ Kh8 29. Nxe8+ Ne5 30. Nxd6 f6 31. Bxe5 1-0

[Event "Moscow-ch rapid (Women)"]
[Site "Moscow"]
[Date "2018.12.08"]
[Round "3"]
[White "Kanevskaya, Anna"]
[Black "Afanasieva, Alexandra"]
[Result "1-0"]
[WhiteElo "2105"]
[BlackElo "1973"]
[PlyCount "107"]
[EventDate "2018.12.08"]
[EventType "swiss (rapid)"]
[EventRounds "11"]
[EventCountry "RUS"]
[SourceTitle "CBM 187 Extra"]
[Source "ChessBase"]
[SourceDate "2018.11.04"]
[SourceVersion "1"]
[SourceVersionDate "2018.11.04"]
[SourceQuality "1"]

1. d4 Nf6 2. Nf3 e6 3. c4 Bb4+ 4. Bd2 a5 5. Nc3 d6 6. g3 b6 7. Bg2 Bb7 8. 0-0 Nbd7 9. Qc2 0-0 10. b3 Bxc3 11. Bxc3 Ne4 12. Bb2 f5 13. Rad1 Qe7 14. Ne1 Rab8 15. Nd3 c5 16. f3 Nef6 17. Qd2 Rbd8 18. Ne1 Nb8 19. Nc2 Nc6 20. e3 e5 21. a3 e4 22. f4 Qf7 23. d5 Ne7 24. b4 axb4 25. axb4 Ra8 26. Ra1 Rfc8 27. Rfb1 Qf8 28. Bf1 Rxa1 29. Bxa1 Rb8 30. Qc3 Qd8 31. Qa3 Ra8 32. Qb2 Bc8 33. Be2 Bd7 34. h3 Qf8 35. Kf2 Rc8 36. Rg1 Ne8 37. g4 Nf6 38. g5 Ne8 39. h4 Kf7 40. h5 Ra8 41. g6+ hxg6 42. hxg6+ Kg8 43. Rg3 Nf6 44. Rg5 Ng4+ 45. Bxg4 fxg4 46. Qc1 Bf5 47. Qh1 Nxg6 48. Qh5 Rxa1 49. Rxf5 Qa8 50. Nxa1 Qxa1 51. Qxg6 g3+ 52. Kg2 Qb2+ 53. Kxg3 cxb4 54. Qf7+ 1-0

[Event "Moscow-ch rapid (Women)"]
[Site "Moscow"]
[Date "2018.12.08"]
[Round "6"]
[White "Kanevskaya, Anna"]
[Black "Martynyuk, Elizaveta"]
[Result "1/2-1/2"]
[WhiteElo "2105"]
[BlackElo "2128"]
[PlyCount "162"]
[EventDate "2018.12.08"]
[EventType "swiss (rapid)"]
[EventRounds "11"]
[EventCountry "RUS"]
[SourceTitle "CBM 187 Extra"]
[Source "ChessBase"]
[SourceDate "2018.11.04"]
[SourceVersion "1"]
[SourceVersionDate "2018.11.04"]
[SourceQuality "1"]

1. d4 d5 2. c4 c6 3. Nf3 Nf6 4. g3 Bf5 5. Nc3 e6 6. Bg2 h6 7. 0-0 Be7 8. Nd2 0-0 9. b3 Nbd7 10. Bb2 a5 11. e3 Qb6 12. Qe2 dxc4 13. Nxc4 Qa6 14. e4 Bg6 15. Rad1 Rfe8 16. Rfe1 Rad8 17. h3 b5 18. Ne3 Qa7 19. e5 Nd5 20. Ncxd5 cxd5 21. Qxb5 Rb8 22. Qe2 a4 23. f4 axb3 24. axb3 Rxb3 25. f5 Bxf5 26. Nxf5 exf5 27. Rd3 Rxd3 28. Qxd3 Bb4 29. Rf1 Rxe5 30. Kh1 Re7 31. Bxd5 Nf6 32. Bg2 Qa2 33. Qb1 Qb3 34. Ba1 Qa3 35. Qb2 Qxb2 36. Bxb2 Re2 37. Bc1 Bd6 38. Bf4 Bxf4 39. Rxf4 Nh5 40. Rf3 Rd2 41. Kh2 Rxd4 42. Rxf5 g6 43. Rf2 Kg7 44. Bf3 Nf6 45. Kg2 h5 46. h4 Nd7 47. Re2 Nc5 48. Rc2 Ne6 49. Re2 Rd3 50. Be4 Rd1 51. Rf2 Rd4 52. Bb1 Nc5 53. Ba2 f6 54. Bb1 Rb4 55. Bc2 Rb2 56. Bd1 Rxf2+ 57. Kxf2 Ne4+ 58. Kf3 Nd6 59. Kf4 Kh6 60. Bc2 Nc4 61. Bd3 Ne5 62. Be2 Nc6 63. Ke4 Ne7 64. Bd1 g5 65. hxg5+ Kxg5 66. Kf3 Nf5 67. Kf2 Nh6 68. Be2 Ng4+ 69. Kf3 Ne5+ 70. Kf2 Nc6 71. Bd1 Nd4 72. Ke3 Ne6 73. Ke4 Ng7 74. Kf3 Kf5 75. Ke3 Ke5 76. Kf3 Kd4 77. Kf4 Kd3 78. Bxh5 Nxh5+ 79. Kf5 Ke3 80. g4 Nf4 81. Kxf6 Kf3 1/2-1/2